00436 2200169 4500001002100000005001500021008004100036020002200077035001900099041000700118082001000125090001600135100002000151245004100171260004200212650001200254INLIS00000000000894120241224113733241224||||||||| | ||| |||| || |  a978-979-22-9764-5 0010-1224008941 aid0 a720.1 a720.1 SET s0 aSetiadi Sopandi00aSejarah Arsitektur: Sebuah Pengantar aJakartabGramedia Pustaka Utamac2013 0aarsitek